Still standing : (Record no. 23487)
[ view plain ]
| 000 -LEADER | |
|---|---|
| fixed length control field | 03258cam a22003494a 4500 |
| 001 - CONTROL NUMBER | |
| control field | 13817129 |
| 003 - CONTROL NUMBER IDENTIFIER | |
| control field | OSt |
| 005 - DATE AND TIME OF LATEST TRANSACTION | |
| control field | 20170126114440.0 |
| 008 - FIXED-LENGTH DATA ELEMENTS--GENERAL INFORMATION | |
| fixed length control field | 041216s2005 inua b s001 0 eng |
| 010 ## - LIBRARY OF CONGRESS CONTROL NUMBER | |
| LC control number | 2004029965 |
| 015 ## - NATIONAL BIBLIOGRAPHY NUMBER | |
| National bibliography number | GBA586538 |
| Source | bnb |
| 016 7# - NATIONAL BIBLIOGRAPHIC AGENCY CONTROL NUMBER | |
| Record control number | 013311274 |
| Source | Uk |
| 020 ## - INTERNATIONAL STANDARD BOOK NUMBER | |
| International Standard Book Number | 0253346347 (cloth : alk. paper) |
| 035 ## - SYSTEM CONTROL NUMBER | |
| System control number | (OCoLC)ocm57344121 |
| 040 ## - CATALOGING SOURCE | |
| Original cataloging agency | DLC |
| Transcribing agency | DLC |
| Modifying agency | OCLCQ |
| -- | BAKER |
| -- | C#P |
| -- | SYB |
| -- | UKM |
| -- | COO |
| -- | DLC |
| 042 ## - AUTHENTICATION CODE | |
| Authentication code | pcc |
| 050 00 - LIBRARY OF CONGRESS CALL NUMBER | |
| Classification number | NA6310 |
| Item number | .B76 2005 |
| 082 04 - DEWEY DECIMAL CLASSIFICATION NUMBER | |
| Classification number | 725/.31 |
| Edition number | 22 |
| 100 1# - MAIN ENTRY--PERSONAL NAME | |
| Personal name | Brown, Christopher, |
| Dates associated with a name | 1953 September 2- |
| 245 10 - TITLE STATEMENT | |
| Title | Still standing : |
| Remainder of title | a century of urban train station design / |
| Statement of responsibility, etc. | Christopher Brown. |
| 260 ## - PUBLICATION, DISTRIBUTION, ETC. (IMPRINT) | |
| Place of publication, distribution, etc. | Bloomington : |
| Name of publisher, distributor, etc. | Indiana University Press, |
| Date of publication, distribution, etc. | c2005. |
| 300 ## - PHYSICAL DESCRIPTION | |
| Extent | ix, 133 p. : |
| Other physical details | ill. (some col.) ; |
| Dimensions | 29 cm. |
| 440 #0 - SERIES STATEMENT/ADDED ENTRY--TITLE | |
| Title | Railroads past and present |
| 504 ## - BIBLIOGRAPHY, ETC. NOTE | |
| Bibliography, etc | Includes bibliographical references (p. 129) and index. |
| 505 00 - FORMATTED CONTENTS NOTE | |
| Formatted contents note | The visual survey -- Amiens Street Station (Connolly Station), Dublin -- Kingsbridge Station (Heuston Station) , Dublin -- Gare de Strasbourg (Gare de l'Est), Paris -- Paddington Station, London -- Gare du Nord, Paris -- St. Pancras Station, London -- Liverpool Street Station, London -- Central Station, Glasgow -- Queen Street Station, Glasgow -- Polk Street Depot (Dearborn Street Station), Chicago -- Centralbahnhof (Hauptbahnhof), Frankfurt-am-Main -- Musir Hamdi Pasa (Sirkeci Station), Istanbul -- Union Station, St. Louis -- Union Station (Pennsylvania Station), Pittsburgh -- Broad Street Station, Newark -- Galveston, Harrisburg & San Antonio Station (Southern Pacific Depot), San Antonio -- Bush Shed, Hoboken -- Union Station, Washington, D.C. -- Lackawanna Terminal, Hoboken -- Delaware, Lackawanna & Western Station (Lackawanna Station), Scranton -- Franz Josef Nadrazi (Hlavni Nadrazi), Prague -- Hovedbannegård, Copenhagen -- Union Station (Pennsylvania Station), Baltimore -- Grand Central Terminal, New York City -- Vancouver Station, Vancouver -- Union Depot (Santa Fe Depot), San Diego -- Estación Retiro, Buenos Aires -- Rautatieasema, Helsinki -- Union Station (Broad Street Station), Richmond -- Jacksonville Union Terminal, Jacksonville -- Union Station, Toronto -- Union Station, Chicago -- Hauptbahnhof, Stuttgart -- Railway Station, Auckland -- Pennsylvania Station (Thirtieth Street Station), Philadelphia -- Cincinnati Union Terminal, Cincinnati -- Pennsylvania Station, Newark -- Stazione di Santa Maria Novella, Florence -- Union Passenger Terminal (Union Station), Los Angeles -- Stazione Termini, Rome. |
| 650 #0 - SUBJECT ADDED ENTRY--TOPICAL TERM | |
| Topical term or geographic name as entry element | Railroad stations. |
| 650 #0 - SUBJECT ADDED ENTRY--TOPICAL TERM | |
| Topical term or geographic name as entry element | Architecture, Modern |
| Chronological subdivision | 19th century. |
| 650 #0 - SUBJECT ADDED ENTRY--TOPICAL TERM | |
| Topical term or geographic name as entry element | Architecture, Modern |
| Chronological subdivision | 20th century. |
| 856 41 - ELECTRONIC LOCATION AND ACCESS | |
| Materials specified | Table of contents |
| Uniform Resource Identifier | <a href="http://www.loc.gov/catdir/toc/ecip055/2004029965.html">http://www.loc.gov/catdir/toc/ecip055/2004029965.html</a> |
| 906 ## - LOCAL DATA ELEMENT F, LDF (RLIN) | |
| a | 7 |
| b | cbc |
| c | orignew |
| d | 1 |
| e | ecip |
| f | 20 |
| g | y-gencatlg |
| 942 ## - ADDED ENTRY ELEMENTS (KOHA) | |
| Source of classification or shelving scheme | |
| Koha item type | Hard Covered Materials |
| Classification part | TF 300 .B76 2005 |
No items available.